[Event "Deutschland Jugend-IPCA Russia"]
[Site "Dresden"]
[Date "2018.10.19"]
[Round "5.1"]
[White "Koll, Lukas"]
[Black "Obodchuk, Andrei"]
[Result "1/2-1/2"]
[TotalPlyCount "49"]
[HashCode "3398624a"]
[WhiteElo "1985"]
[BlackElo "2323"]
[Annotator "Rnd./Pair./Board: 05.001.01"]
[PlyCount "49"]

1. c4 Nf6 2. g3 g6 3. Bg2 Bg7 4. Nc3 d6 5. d4 O-O 6. e3 c5 7. Nge2 Nc6 8. O-O Bd7 9. b3 Qc8 10. Bb2 Bh3 11. Rb1 Bxg2 12. Kxg2 Qf5 13. f3 cxd4 14. Nxd4 Nxd4 15. Qxd4 e5 16. Qd1 Qe6 17. Nd5 Nxd5 18. Qxd5 Qxd5 19. cxd5 Bh6 20. Kf2 f5 21. Bc3 e4 22. Rfd1 Rfc8 23. Rbc1 Bf8 24. Ke2 exf3+ 25. Kxf3 1/2-1/2

[Event "Deutschland Jugend-IPCA Russia"]
[Site "Dresden"]
[Date "2018.10.19"]
[Round "5.2"]
[White "Scerbin, Dmitrij"]
[Black "Koll, Linus"]
[Result "1/2-1/2"]
[TotalPlyCount "99"]
[HashCode "c5e26a69"]
[WhiteElo "2264"]
[BlackElo "1976"]
[Annotator "Rnd./Pair./Board: 05.001.02"]
[PlyCount "99"]

1. e4 c5 2. Nf3 Nc6 3. c3 Nf6 4. e5 Nd5 5. d4 cxd4 6. cxd4 d6 7. Bc4 Nb6 8. Bb5 dxe5 9. Nxe5 Bd7 10. Nxd7 Qxd7 11. O-O e6 12. Qg4 g6 13. Nc3 Bg7 14. d5 Nxd5 15. Rd1 h5 16. Qh3 Rd8 17. Nxd5 exd5 18. Bxc6 bxc6 19. Re1+ Kf8 20. Qa3+ Kg8 21. Bd2 Qb7 22. Bc3 d4 23. Rad1 Kh7 24. Ba5 Rd7 25. b3 Qc8 26. Bd2 Re8 27. Qc5 Rxe1+ 28. Rxe1 Qa6 29. Qc2 d3 30. Qb1 Bh6 31. Rd1 Bxd2 32. Rxd2 Qb5 33. Qc1 Qe5 34. h3 c5 35. Rd1 a5 36. Qe3 Qd5 37. Qd2 a4 38. Qc3 d2 39. Kf1 axb3 40. axb3 Qd6 41. g3 Qa6+ 42. Qc4 Qc6 43. Ke2 Qd6 44. Kf1 Qe5 45. Qf4 Qd5 46. Qe3 Rd6 47. Kg1 Re6 48. Qxd2 Qxb3 49. Rc1 Qb4 50. Qd5 1/2-1/2

[Event "Deutschland Jugend-IPCA Russia"]
[Site "Dresden"]
[Date "2018.10.19"]
[Round "5.3"]
[White "Tran, Minh Dat"]
[Black "Palin, Denis"]
[Result "0-1"]
[TotalPlyCount "94"]
[HashCode "0345771d"]
[WhiteElo "1456"]
[BlackElo "2133"]
[Annotator "Rnd./Pair./Board: 05.001.03"]
[PlyCount "94"]

1. Nf3 d5 2. d4 e6 3. c4 c5 4. Nc3 Nc6 5. Bf4 a6 6. e3 Nf6 7. cxd5 exd5 8. Be2 Be7 9. O-O O-O 10. a3 Be6 11. dxc5 Bxc5 12. b4 Be7 13. Nd4 Rc8 14. Rc1 a5 15. Qb3 axb4 16. Nxc6 Rxc6 17. axb4 d4 18. Qb2 dxc3 19. Rxc3 Rxc3 20. Qxc3 Nd5 21. Qd4 Nxf4 22. Qxf4 Qd6 23. Qe4 Bd5 24. Qc2 Qxb4 25. Rb1 Qd6 26. Rd1 Qc6 27. Qxc6 Bxc6 28. f3 Rb8 29. Kf2 b5 30. Rb1 b4 31. Ke1 b3 32. Kd1 b2 33. Kc2 Bf6 34. e4 Ba4+ 35. Kd2 Bb3 36. Bd3 Ba2 37. Re1 b1=Q 38. Bxb1 Rxb1 39. Rxb1 Bxb1 40. g3 g5 41. Ke3 Bd8 42. Kd4 Bb6+ 43. Ke5 Kg7 44. Kf5 f6 45. Kg4 Kg6 46. h4 f5+ 47. Kh3 fxe4 0-1

[Event "Deutschland Jugend-IPCA Russia"]
[Site "Dresden"]
[Date "2018.10.19"]
[Round "5.4"]
[White "Lipilin, Ilia"]
[Black "Tran, Duc Huy"]
[Result "1-0"]
[TotalPlyCount "63"]
[HashCode "2f468258"]
[WhiteElo "2070"]
[BlackElo "1456"]
[Annotator "Rnd./Pair./Board: 05.001.04"]
[PlyCount "63"]

1. d4 d5 2. c4 e6 3. Nc3 Nf6 4. cxd5 exd5 5. Bg5 Be7 6. e3 Be6 7. Bd3 h6 8. Bh4 Nbd7 9. Nge2 c5 10. O-O O-O 11. f3 a6 12. Qd2 Ne4 13. Bxe4 Bxh4 14. Bxd5 Bxd5 15. Nxd5 Bg5 16. f4 Bf6 17. dxc5 Nxc5 18. Rac1 Ne4 19. Nxf6+ Qxf6 20. Qd4 Qe6 21. Rfd1 Nf6 22. Nc3 Ng4 23. e4 Rfd8 24. Nd5 Kh8 25. Qb4 Rxd5 26. Rxd5 Re8 27. h3 Nf6 28. Re5 Qd7 29. Rxe8+ Nxe8 30. e5 b5 31. Qc3 g6 32. e6+ 1-0

[Event "Deaf Poland-Russia Deaf"]
[Site "Dresden"]
[Date "2018.10.19"]
[Round "5.1"]
[White "Strzelecki, Jerzy"]
[Black "Skorobogatykh, Andrey"]
[Result "1-0"]
[TotalPlyCount "126"]
[HashCode "b92db758"]
[WhiteElo "2011"]
[BlackElo "2160"]
[Annotator "Mika Hassemeier"]
[PlyCount "73"]

1. d4 e6 2. c4 b6 3. e4 Bb7 4. Bd3 Bb4+ { Eine andere Variante für schwarz wäre } (4... f5 5. Nc3 Nf6 6. f3 fxe4 7. fxe4 Bb4 8. Qe2 Bxc3+ 9. bxc3 Nxe4 10. Nf3 $14 (10. Bxe4 Qh4+)) 5. Bd2 Qe7 6. a3 Bxd2+ 7. Nxd2 f5 8. Ngf3 Nf6 9. Qe2 fxe4 10. Nxe4 Nc6 11. O-O O-O $14 12. Rad1 Rae8 13. Rfe1 d6 $2 { Ein klarer Fehler, das Feld e6 wird durch d6 zu sehr geschwächt. } 14. b4 ( { Weiß sollte das Feld e6 am besten sofort unter Beschuss nehmen. } 14. Neg5 Nd8 15. d5 e5 16. Qc2 g6 17. Nxh7 $1 Qxh7 (17... Nxh7 18. Bxg6 Nf6 19. Bxe8 Qxe8 20. Rd4 $16) 18. Bxg6 Qg7 19. Bxe8 Rxe8 20. Nh4 $14) 14... e5 15. d5 Nd8 16. Bc2 Bc8 17. Ba4 Nxe4 18. Qxe4 Rf4 $2 { [#] ermöglicht Weiß zwei Türme für die Dame zu bekommen mit einen besseren Endspiel. } (18... Bd7 19. Bxd7 Qxd7 20. Ng5 Qf5 21. Qxf5 Rxf5 22. Ne4 $11) 19. Qxf4 exf4 20. Bxe8 Qf6 $16 21. Ba4 Bg4 22. Re8+ Kf7 23. Rde1 $2 (23. Rh8 Kg6 24. Bc2+ Bf5 25. Bxf5+ Kxf5 26. Re1 $18) 23... Bxf3 24. gxf3 g6 25. R8e4 $14 Kg7 $2 26. Re7+ Kh6 27. Rxc7 Nf7 28. Ree7 Ng5 29. Kg2 Qf5 $4 { ein klarer Fehler des schwarzen Spielers. } 30. Bd7 Qf6 31. Bg4 Qb2 32. h4 Qxa3 33. b5 $1 $18 { Der Weiße besitzt keine Eile Sg5 zu nehmen. } 33... a5 34. bxa6 { besser wäre gewesen } (34. c5 $1 bxc5 35. b6 Qb4 36. b7 $18) 34... Qxa6 35. hxg5+ Kxg5 36. Rxh7 b5 37. Rc6 { Eine beinahe tadellose Partie des weißen Spielers mit einer positiven Überleitung vom Mittelspiel zum Endspiel. } 1-0

[Event "Deaf Poland-Russia Deaf"]
[Site "Dresden"]
[Date "2018.10.19"]
[Round "5.2"]
[White "Smirnov, Andrey"]
[Black "Cwiek, Mariusz"]
[Result "0-1"]
[TotalPlyCount "100"]
[HashCode "302bc5e6"]
[WhiteElo "2095"]
[BlackElo "1974"]
[Annotator "Rnd./Pair./Board: 05.002.02"]
[PlyCount "100"]

1. d4 Nf6 2. c4 e6 3. Nc3 d5 4. Bg5 Be7 5. e3 O-O 6. Rc1 c6 7. Nf3 Nbd7 8. Bd3 h6 9. Bh4 Ne4 10. Bxe7 Nxc3 11. Rxc3 Qxe7 12. O-O dxc4 13. Bxc4 e5 14. Qc2 e4 15. Nd2 Nf6 16. f3 exf3 17. Rxf3 Bg4 18. Rg3 Be6 19. Bd3 Nd5 20. Bh7+ Kh8 21. Rc5 b6 22. Rc4 Nf4 23. exf4 Bxc4 24. Qxc4 Kxh7 25. Qd3+ Kh8 26. Nf3 Qb4 27. Qc3 c5 28. Qxb4 cxb4 29. Ne5 Rad8 30. Rd3 Rd6 31. Kf2 Kg8 32. Nf3 Rc8 33. Rd2 Rc1 34. Ne5 f6 35. Ng4 Rc4 36. Ke3 b5 37. f5 h5 38. Nf2 Kf7 39. Ne4 Rd5 40. g3 Ke7 41. g4 hxg4 42. Rg2 Rdxd4 43. Rxg4 Rxe4+ 44. Rxe4+ Rxe4+ 45. Kxe4 Kd6 46. Kd4 a5 47. h3 Kc6 48. Ke4 Kc5 49. Kf3 Kd4 50. Kg4 Ke4 0-1

[Event "Deaf Poland-Russia Deaf"]
[Site "Dresden"]
[Date "2018.10.19"]
[Round "5.3"]
[White "Marczukiewicz, Jerzy"]
[Black "Kononov, Viktor V"]
[Result "1-0"]
[TotalPlyCount "67"]
[HashCode "88e7ca34"]
[WhiteElo "1929"]
[BlackElo "2030"]
[Annotator "Rnd./Pair./Board: 05.002.03"]
[PlyCount "67"]

1. Nf3 g6 2. c4 Bg7 3. d4 d6 4. Nc3 c6 5. e4 Bg4 6. Be3 Nd7 7. Be2 Bxf3 8. Bxf3 Ngf6 9. O-O O-O 10. Be2 e5 11. Qd2 Re8 12. f3 Nf8 13. d5 c5 14. Rab1 Nh5 15. g3 Bf6 16. a3 Ng7 17. b4 b6 18. Bd1 Rb8 19. Ba4 Re7 20. bxc5 bxc5 21. Rxb8 Qxb8 22. Bc6 Nd7 23. Rb1 Nb6 24. Qa2 Qd8 25. a4 Nd7 26. Qb3 Ne8 27. Nb5 Nf8 28. Bxe8 Rxe8 29. Nxa7 Qc7 30. Nc6 Kg7 31. a5 Ne6 32. Qb6 Qxb6 33. axb6 Nd8 34. b7 1-0

[Event "Deaf Poland-Russia Deaf"]
[Site "Dresden"]
[Date "2018.10.19"]
[Round "5.4"]
[White "Pogoskin, Roman"]
[Black "Szalko, Maciej"]
[Result "0-1"]
[TotalPlyCount "78"]
[HashCode "eb24bdd4"]
[WhiteElo "2019"]
[BlackElo "1868"]
[Annotator "Rnd./Pair./Board: 05.002.04"]
[PlyCount "78"]

1. e4 c5 2. Nf3 e6 3. d4 cxd4 4. Nxd4 a6 5. Be2 Qc7 6. O-O Nf6 7. Nc3 Bb4 8. Qd3 d6 9. a3 Bxc3 10. bxc3 Nbd7 11. Nb3 b6 12. a4 Bb7 13. f3 Ne5 14. Qe3 O-O 15. Ba3 Rfd8 16. Nd2 d5 17. f4 Neg4 18. Qh3 dxe4 19. Nc4 b5 20. Bxg4 Nxg4 21. Qxg4 Qxc4 22. Be7 f5 23. Qg3 Rd7 24. Bf6 Rf8 25. Be5 bxa4 26. Rfb1 Rff7 27. Qe3 Bc6 28. Rb8+ Rf8 29. Rb4 Qd5 30. Bd4 a3 31. g3 g5 32. Rxa3 e5 33. fxe5 f4 34. gxf4 gxf4 35. Qh3 e3 36. Kf1 Bb5+ 37. Rxb5 Qxb5+ 38. Ke1 f3 39. Qe6+ Kh8 0-1

[Event "Youth Chess Team Russia-Team Hungary"]
[Site "Dresden"]
[Date "2018.10.19"]
[Round "5.1"]
[White "Arnhold, Steffi"]
[Black "Szilágyi, Sámuel Attila"]
[Result "0-1"]
[TotalPlyCount "59"]
[HashCode "5fe3a5b4"]
[WhiteElo "1955"]
[BlackElo "1905"]
[Annotator "Rnd./Pair./Board: 05.003.01"]
[PlyCount "59"]

1. e4 e5 2. Nf3 Nc6 3. Bc4 Bc5 4. c3 Nf6 5. d3 h6 6. Nbd2 d6 7. Bb3 O-O 8. Qe2 a6 9. Nf1 Be6 10. Bc2 Ne7 11. h3 Nh7 12. g4 Ng6 13. Ng3 Nh4 14. Rg1 Nxf3+ 15. Qxf3 Ng5 16. Qg2 Qf6 17. Nf5 Bxf5 18. gxf5 Nh7 19. Bb3 Kh8 20. h4 g5 21. hxg5 Nxg5 22. Bxg5 Qxg5 23. Qxg5 hxg5 24. f6 Kh7 25. Rxg5 Rg8 26. Rh5+ Kg6 27. Rf5 Raf8 28. Ke2 Rh8 29. Rg1+ Kh6 30. Rf3 0-1

[Event "Youth Chess Team Russia-Team Hungary"]
[Site "Dresden"]
[Date "2018.10.19"]
[Round "5.2"]
[White "Rév, Miklós"]
[Black "Klemke, Kassandra"]
[Result "1-0"]
[TotalPlyCount "97"]
[HashCode "66ba5229"]
[WhiteElo "2009"]
[BlackElo "1640"]
[Annotator "Rnd./Pair./Board: 05.003.02"]
[PlyCount "97"]

1. e4 c5 2. c3 d5 3. exd5 Qxd5 4. d4 Nc6 5. Nf3 Bg4 6. Be2 e6 7. O-O Nf6 8. h3 Bh5 9. Na3 Be7 10. Be3 cxd4 11. Nb5 Qd8 12. Nbxd4 O-O 13. Nxc6 bxc6 14. Qa4 Qc7 15. c4 c5 16. Rfd1 Rfd8 17. Bd2 Nd7 18. Bc3 Bf6 19. Qa3 h6 20. Rac1 Bg6 21. Bd3 Bxd3 22. Rxd3 Ne5 23. Bxe5 Bxe5 24. Nxe5 Qxe5 25. Qc3 Qc7 26. Rcd1 Rxd3 27. Qxd3 Rb8 28. b3 Rc8 29. Qd7 Kf8 30. Kf1 Kg8 31. Rd2 Kf8 32. Rd6 Kg8 33. Ke2 Kh7 34. Kd3 Kg6 35. a3 Qb8 36. Kc3 Rc7 37. Qd8 Qxd8 38. Rxd8 Kf6 39. b4 cxb4+ 40. axb4 Ke7 41. Rd2 Rb7 42. c5 g5 43. Kc4 h5 44. c6 Rc7 45. Kc5 Ke8 46. b5 Rc8 47. Rd7 Ra8 48. Kd6 Rd8 49. Kc7 1-0

[Event "Youth Chess Team Russia-Team Hungary"]
[Site "Dresden"]
[Date "2018.10.19"]
[Round "5.3"]
[White "Khayrullin, Danil"]
[Black "Voján, István"]
[Result "1/2-1/2"]
[TotalPlyCount "62"]
[HashCode "acc2dadb"]
[WhiteElo "1328"]
[BlackElo "1913"]
[Annotator "Rnd./Pair./Board: 05.003.03"]
[PlyCount "62"]

1. b3 Nf6 2. Bb2 d5 3. Nf3 c5 4. e3 e6 5. d4 Nc6 6. Be2 Be7 7. Nbd2 O-O 8. O-O b6 9. h3 Bb7 10. c4 Rc8 11. Nh2 cxd4 12. exd4 dxc4 13. Nxc4 Qc7 14. Bf3 Rfd8 15. Bxc6 Qxc6 16. Nf3 Qe4 17. Re1 Qf5 18. Re5 Bxf3 19. Qxf3 Qxf3 20. gxf3 Nd5 21. Re4 b5 22. Ne3 Nc3 23. Bxc3 Rxc3 24. d5 Bf6 25. Rd1 exd5 26. Nxd5 Rcc8 27. Nxf6+ gxf6 28. Rxd8+ Rxd8 29. Re7 a6 30. Ra7 Rd6 31. Kg2 Kg7 1/2-1/2

[Event "Youth Chess Team Russia-Team Hungary"]
[Site "Dresden"]
[Date "2018.10.19"]
[Round "5.4"]
[White "Cseke, Viktória"]
[Black "Sergeeva, Anna"]
[Result "0-1"]
[TotalPlyCount "108"]
[HashCode "ec269db5"]
[WhiteElo "1405"]
[BlackElo "1469"]
[Annotator "Rnd./Pair./Board: 05.003.04"]
[PlyCount "108"]

1. e4 e5 2. Nf3 Nc6 3. d4 exd4 4. Bc4 h6 5. Nxd4 Nf6 6. O-O Bc5 7. c3 O-O 8. Be3 Bxd4 9. cxd4 Nxe4 10. f3 Nf6 11. Bd3 Re8 12. Bf2 d5 13. a3 Nh5 14. Qd2 Qf6 15. Nc3 Nxd4 16. Nxd5 Qd6 17. Rae1 Be6 18. Bxd4 Bxd5 19. Be4 Bxe4 20. Rxe4 Rxe4 21. fxe4 c5 22. Be3 Qxd2 23. Bxd2 b6 24. Bc3 g5 25. g3 Ng7 26. Rf6 Re8 27. e5 Re6 28. Rf3 Ne8 29. Rd3 Nc7 30. a4 Kf8 31. Rd7 Re7 32. Rd6 Re6 33. Kf2 Ke7 34. Kf3 b5 35. Ba5 Rxd6 36. exd6+ Kxd6 37. Bxc7+ Kxc7 38. axb5 Kb6 39. Kg4 Kxb5 40. Kh5 Kb4 41. Kxh6 f6 42. Kg6 Kb3 43. Kxf6 Kxb2 44. Kxg5 c4 45. h4 c3 46. h5 c2 47. h6 c1=Q+ 48. Kg6 Qc6+ 49. Kg7 Qd7+ 50. Kh8 Qc8+ 51. Kg7 Qc7+ 52. Kh8 Qxg3 53. h7 Qh4 54. Kg8 Qxh7+ 0-1

[Event "Russia Women Deaf-Niedersachsen"]
[Site "Dresden"]
[Date "2018.10.19"]
[Round "5.1"]
[White "Turkeeva, Yulia"]
[Black "Drewes, Marco"]
[Result "1/2-1/2"]
[TotalPlyCount "92"]
[HashCode "a42288e5"]
[WhiteElo "2028"]
[BlackElo "2009"]
[Annotator "Rnd./Pair./Board: 05.004.01"]
[PlyCount "92"]

1. e4 c5 2. c3 Nf6 3. e5 Nd5 4. d4 cxd4 5. Nf3 Nc6 6. cxd4 d6 7. Bc4 e6 8. O-O Nb6 9. Bb3 dxe5 10. dxe5 Qxd1 11. Rxd1 Be7 12. Nc3 O-O 13. Bf4 Nd7 14. Ne4 Nc5 15. Nxc5 Bxc5 16. Rac1 Bb6 17. a3 h6 18. h3 Ne7 19. Bd2 Nd5 20. Bxd5 exd5 21. Bb4 Re8 22. Rxd5 Bf5 23. Re1 Rac8 24. g4 Be6 25. Rd2 a5 26. Bc3 a4 27. Nd4 Bxd4 28. Rxd4 Rc4 29. Red1 g5 30. Rxc4 Bxc4 31. Rd7 b5 32. Rd6 Re6 33. Kg2 Kg7 34. Kg3 Kg6 35. h4 Bb3 36. f4 gxf4+ 37. Kxf4 h5 38. g5 Kg7 39. Rd8 Kh7 40. Rd6 Kg6 41. Ba5 Kg7 42. Bd8 Rxd6 43. exd6 Kf8 44. Ke5 Ke8 45. Bc7 Kd7 46. Ba5 Bc4 1/2-1/2

[Event "Russia Women Deaf-Niedersachsen"]
[Site "Dresden"]
[Date "2018.10.19"]
[Round "5.2"]
[White "(), Sven"]
[Black "Gerasimova, Olga"]
[Result "1/2-1/2"]
[TotalPlyCount "124"]
[HashCode "910469cb"]
[WhiteElo "2008"]
[BlackElo "2010"]
[Annotator "Rnd./Pair./Board: 05.004.02"]
[PlyCount "124"]

1. e4 c5 2. Nc3 Nc6 3. f4 d6 4. Nf3 e6 5. d4 cxd4 6. Nxd4 a6 7. Be3 Nge7 8. Qf3 Bd7 9. Nb3 b5 10. Rd1 Nc8 11. Qf2 Be7 12. Be2 Rb8 13. O-O O-O 14. g4 Nb6 15. e5 d5 16. Nc5 Bc8 17. N3e4 Qc7 18. Nd6 Nc4 19. Nxc8 Qxc8 20. Bxc4 bxc4 21. c3 a5 22. Na4 Rd8 23. Bb6 Re8 24. Bc5 Qb7 25. b3 cxb3 26. Rb1 Qb5 27. axb3 Bxc5 28. Nxc5 Rbd8 29. Rfd1 Qb6 30. Nd3 Qxf2+ 31. Kxf2 g6 32. b4 axb4 33. cxb4 Rb8 34. b5 Nd4 35. b6 Rec8 36. Rdc1 Rxc1 37. Nxc1 Nc2 38. Rb3 Nd4 39. Rb2 Nc6 40. Nd3 Na5 41. Rb5 Nb7 42. Ke3 Kf8 43. Kd4 Ke7 44. f5 Kd7 45. fxe6+ fxe6 46. Rb2 Rc8 47. h3 Rc4+ 48. Ke3 Rc3 49. Kd2 Rc4 50. Ra2 Kc6 51. Ra8 Kxb6 52. Rh8 Rc7 53. Re8 Rc6 54. Re7 h5 55. gxh5 gxh5 56. Rh7 Nc5 57. Rxh5 Ne4+ 58. Ke3 Rc3 59. Kd4 Rc4+ 60. Ke3 Rc3 61. Kd4 Rc4+ 62. Ke3 Rc3 1/2-1/2

[Event "Russia Women Deaf-Niedersachsen"]
[Site "Dresden"]
[Date "2018.10.19"]
[Round "5.3"]
[White "Kudriavtseva, Natalia"]
[Black "Ritter, Uwe"]
[Result "0-1"]
[TotalPlyCount "70"]
[HashCode "3dfbf020"]
[WhiteElo "1975"]
[BlackElo "2021"]
[Annotator "Rnd./Pair./Board: 05.004.03"]
[PlyCount "70"]

1. e4 e5 2. Nf3 Nc6 3. Bb5 a6 4. Bxc6 dxc6 5. O-O Bg4 6. h3 h5 7. d3 Qf6 8. Nbd2 Bd6 9. Re1 Ne7 10. hxg4 hxg4 11. Nh2 Rxh2 12. Qxg4 Rh4 13. Qg3 Qh6 14. Kf1 Rh1+ 15. Ke2 Rxe1+ 16. Kxe1 Qh1+ 17. Nf1 O-O-O 18. Qxg7 Rg8 19. Qxf7 Qxg2 20. Be3 Qg4 21. Kd2 Bb4+ 22. c3 Rd8 23. cxb4 Qxe4 24. Qb3 Nf5 25. Bg5 Qf3 26. Bxd8 Qxf2+ 27. Kc3 Qd4+ 28. Kc2 Qf2+ 29. Kc1 Qxf1+ 30. Qd1 Qf4+ 31. Qd2 Qf1+ 32. Kc2 Nd4+ 33. Kc3 Qxa1 34. Bf6 Qxa2 35. Qh6 Qb3+ 0-1

[Event "Russia Women Deaf-Niedersachsen"]
[Site "Dresden"]
[Date "2018.10.19"]
[Round "5.4"]
[White "Kewe, Stefan"]
[Black "Panina, Valeria"]
[Result "1-0"]
[TotalPlyCount "31"]
[HashCode "e9bf18cd"]
[WhiteElo "1861"]
[BlackElo "1743"]
[Annotator "Rnd./Pair./Board: 05.004.04"]
[PlyCount "31"]

1. d4 d5 2. Nf3 Nf6 3. c4 c5 4. cxd5 Nxd5 5. e4 Nf6 6. Nc3 Bg4 7. Bb5+ Bd7 8. dxc5 Nc6 9. Bf4 Qa5 10. O-O Nxe4 11. Nxe4 Qxb5 12. Re1 e6 13. Nfg5 h6 14. Nxf7 Kxf7 15. Qxd7+ Kg6 16. Nd6 1-0

[Event "DGSV 1920 e.V.-Deaf Poland"]
[Site "Dresden"]
[Date "2018.10.20"]
[Round "6.1"]
[White "Gruender, Michael"]
[Black "Checiak, Krzysztof"]
[Result "1/2-1/2"]
[TotalPlyCount "47"]
[HashCode "24d6fb87"]
[WhiteElo "1941"]
[BlackElo "2063"]
[Annotator "Rnd./Pair./Board: 06.001.01"]
[PlyCount "47"]

1. Nf3 d5 2. c4 e6 3. g3 b6 4. Bg2 Bb7 5. cxd5 exd5 6. d4 Nf6 7. Ne5 Bb4+ 8. Nc3 O-O 9. O-O Ne4 10. Qc2 Nxc3 11. bxc3 Bd6 12. Nd3 Nd7 13. c4 Nf6 14. Bf4 Rb8 15. Rac1 dxc4 16. Qxc4 Bxg2 17. Kxg2 Bxf4 18. Nxf4 Rc8 19. f3 c6 20. e4 Re8 21. Rfd1 Qd7 22. Nd3 Qb7 23. Rd2 Red8 24. Rcc2 1/2-1/2

[Event "DGSV 1920 e.V.-Deaf Poland"]
[Site "Dresden"]
[Date "2018.10.20"]
[Round "6.2"]
[White "Cwiek, Mariusz"]
[Black "Hoffmann, Rainer"]
[Result "1-0"]
[TotalPlyCount "77"]
[HashCode "f34dced8"]
[WhiteElo "1974"]
[BlackElo "1917"]
[Annotator "Rnd./Pair./Board: 06.001.02"]
[PlyCount "77"]

1. e4 e5 2. Nf3 Nf6 3. Nxe5 d6 4. Nf3 Nxe4 5. d4 Be7 6. c4 Nd7 7. Nc3 Nxc3 8. bxc3 Nf6 9. h3 Bf5 10. Bd3 Qd7 11. Qc2 Qe6+ 12. Be3 Bxd3 13. Qxd3 Qe4 14. Rd1 Qxd3 15. Rxd3 Ne4 16. O-O O-O-O 17. Nd2 Nxd2 18. Rxd2 Bf6 19. Rb2 Rhe8 20. a4 c6 21. g3 Rd7 22. Re1 h5 23. Rbe2 g5 24. g4 hxg4 25. hxg4 Re4 26. f3 Re8 27. Bd2 Rxe2 28. Rxe2 Re7 29. Rxe7 Bxe7 30. d5 a6 31. Kf2 b5 32. cxb5 axb5 33. axb5 cxd5 34. Ke3 Bf6 35. Kd3 Kd7 36. c4 dxc4+ 37. Kxc4 Bd8 38. Kd5 f6 39. Bc3 1-0

[Event "DGSV 1920 e.V.-Deaf Poland"]
[Site "Dresden"]
[Date "2018.10.20"]
[Round "6.3"]
[White "Usbeck, Karl-Heinz"]
[Black "Marczukiewicz, Jerzy"]
[Result "1/2-1/2"]
[TotalPlyCount "45"]
[HashCode "a9cb3a3d"]
[WhiteElo "1638"]
[BlackElo "1929"]
[Annotator "Rnd./Pair./Board: 06.001.03"]
[PlyCount "45"]

1. e4 c5 2. Nc3 Nc6 3. g3 g6 4. Bg2 Bg7 5. d3 d6 6. Be3 e5 7. Qd2 Nge7 8. Bh6 Bxh6 9. Qxh6 Nd4 10. Qd2 O-O 11. Nce2 Be6 12. c3 Nxe2 13. Nxe2 d5 14. O-O dxe4 15. Bxe4 Qd7 16. f4 f5 17. Bg2 e4 18. d4 Bc4 19. Rfd1 Rfd8 20. b3 Bf7 21. c4 cxd4 22. Qxd4 Qxd4+ 23. Nxd4 1/2-1/2

[Event "DGSV 1920 e.V.-Deaf Poland"]
[Site "Dresden"]
[Date "2018.10.20"]
[Round "6.4"]
[White "Szalko, Maciej"]
[Black "Krabbe, Wolfgang"]
[Result "1-0"]
[TotalPlyCount "59"]
[HashCode "9be7d603"]
[WhiteElo "1868"]
[BlackElo "1831"]
[Annotator "Rnd./Pair./Board: 06.001.04"]
[PlyCount "59"]

1. d4 d5 2. c4 e6 3. g3 Nf6 4. Bg2 Be7 5. Nf3 O-O 6. O-O c6 7. Qc2 Nbd7 8. Rd1 b6 9. b3 Bb7 10. Bb2 Rc8 11. Nc3 c5 12. Rac1 dxc4 13. bxc4 cxd4 14. Rxd4 a6 15. e4 Qc7 16. Qe2 e5 17. Nd5 Qc5 18. Rd3 Bxd5 19. cxd5 Qb4 20. Rxc8 Rxc8 21. Ba3 Qxa3 22. Rxa3 Rc1+ 23. Bf1 Bxa3 24. Qe3 Bb2 25. Kg2 Nc5 26. Nxe5 Nfxe4 27. Bxa6 Rc2 28. Nd3 Nxd3 29. Qxe4 Rxf2+ 30. Kg1 1-0

[Event "Niedersachsen-Youth Chess Team Russia"]
[Site "Dresden"]
[Date "2018.10.20"]
[Round "6.1"]
[White "Drewes, Marco"]
[Black "Arnhold, Steffi"]
[Result "1-0"]
[TotalPlyCount "83"]
[HashCode "94338b7b"]
[WhiteElo "2009"]
[BlackElo "1955"]
[Annotator "Rnd./Pair./Board: 06.002.01"]
[PlyCount "83"]

1. d4 Nf6 2. Nf3 e6 3. c4 b6 4. g3 Bb7 5. Bg2 d5 6. cxd5 exd5 7. O-O Nbd7 8. Nc3 Bb4 9. Qb3 Bxc3 10. bxc3 O-O 11. Bf4 Ba6 12. Ne5 Nxe5 13. dxe5 Bc4 14. Qc2 Nd7 15. Rfd1 Qe7 16. e4 g5 17. Be3 Nxe5 18. exd5 Rad8 19. Qf5 f6 20. h4 gxh4 21. Rd4 hxg3 22. Rxc4 Nxc4 23. Qg4+ Kh8 24. Qxc4 Rg8 25. Qf4 gxf2+ 26. Bxf2 Qg7 27. Qf3 Qg5 28. Bd4 Rg6 29. Rf1 Rf8 30. Be3 Qh4 31. Rf2 Rfg8 32. Kf1 Rg3 33. Qf4 Qxf4 34. Bxf4 Rxc3 35. Re2 Rg4 36. Bh6 Rcg3 37. d6 Rxg2 38. Re8+ Rg8 39. d7 Rg1+ 40. Ke2 Rg2+ 41. Kd3 Rg3+ 42. Be3 1-0

[Event "Niedersachsen-Youth Chess Team Russia"]
[Site "Dresden"]
[Date "2018.10.20"]
[Round "6.2"]
[White "Klemke, Kassandra"]
[Black "Ritter, Uwe"]
[Result "1/2-1/2"]
[TotalPlyCount "146"]
[HashCode "cfee8195"]
[WhiteElo "1640"]
[BlackElo "2021"]
[Annotator "Rnd./Pair./Board: 06.002.02"]
[PlyCount "146"]

1. e4 c5 2. Nf3 Nc6 3. d4 cxd4 4. Nxd4 g6 5. Nc3 Bg7 6. Be3 Nf6 7. Bc4 O-O 8. f3 Qb6 9. Bb3 Ng4 10. fxg4 Bxd4 11. Bxd4 Qxd4 12. Qxd4 Nxd4 13. O-O-O Nc6 14. Rhf1 d6 15. h3 Bd7 16. Rf2 Kg7 17. g5 Rac8 18. Nd5 Be6 19. Ba4 Bxd5 20. exd5 Ne5 21. c3 a6 22. Kb1 b5 23. Bc2 Rc5 24. Be4 a5 25. Rd4 Rfc8 26. Rf1 Rc4 27. Rfd1 h6 28. gxh6+ Kxh6 29. Rxc4 Rxc4 30. Bd3 Rc5 31. Be2 a4 32. a3 Kg5 33. Rd4 Nc4 34. Ka2 Kf5 35. Bf3 g5 36. h4 gxh4 37. Rxh4 Ne5 38. Rd4 Rc4 39. Rxc4 Nxc4 40. b3 Nb6 41. Kb2 Ke5 42. Be2 Kxd5 43. Bxb5 f5 44. bxa4 f4 45. Kb3 Kc5 46. c4 e5 47. a5 Nc8 48. Bd7 Na7 49. Bf5 Kd4 50. a6 e4 51. Kc2 Nc6 52. Bg6 e3 53. Bd3 Kc5 54. Be4 Nd4+ 55. Kd1 Kb6 56. Bb7 Nb3 57. Ke2 Nd4+ 58. Kd1 Nc6 59. Bxc6 Kxc6 60. Ke2 Kb6 61. Kf3 Kxa6 62. g3 e2 63. Kxe2 fxg3 64. Kf3 Kb6 65. Kxg3 Kc5 66. Kf3 Kxc4 67. Ke3 Kc3 68. a4 d5 69. a5 d4+ 70. Kf4 d3 71. a6 d2 72. a7 d1=Q 73. a8=Q Qd4+ 1/2-1/2